000 00459nam a2200181Ia 4500
001 25463
005 20260414151152.0
008 260414t2013||||xx |||||||||||||| ||spa||
041 _aESP
082 _a347.51
_bG66
100 _aGonzales Barrón, Gunther
_eAUT
245 0 _aManual práctico de la ley general de sociedades
_b
260 _c2013
300 _axiv, 607 páginas :
_c24 cm.
650 _aDER
654 _aCDE
942 _cLIB
_dJUS
_fJUS
_2ddc
_n
999 _c25463
_d25463